000 00289nam a2200121 a 4500
008 110105s1967|||| d
245 1 0 _aO normách straníckeho života
100 1 _aLenin, V. I.
260 _bVPL
_aBratislava
_c1967
020 _c14,50
044 _axo
_cSK
041 _aslo
999 _c15498
_d15498